| Tag |
First Indicator |
Second Indicator |
Subfields |
| LEADER |
00000cam a2200000 a 4500 |
| 001 |
in00002337421 |
| 005 |
20151108051352.0 |
| 008 |
070709m20079999it a bc 000 0 ita |
| 010 |
|
|
|a 2007456438
|
| 020 |
|
|
|a 9788880166924
|
| 020 |
|
|
|a 8880166921
|
| 035 |
|
|
|a (OCoLC)ocn176649397
|
| 040 |
|
|
|a DLC
|c DLC
|d TXA
|d UtOrBLW
|
| 043 |
|
|
|a e-it---
|
| 049 |
|
|
|a TXAM
|
| 050 |
0 |
0 |
|a NA1119.T8
|b A876 2007
|
| 245 |
0 |
0 |
|a Atlante del Barocco in Italia. :
|b Toscana /
|c coordinamento di Marcello Fagiolo.
|
| 264 |
|
1 |
|a Roma :
|b De Luca,
|c [2007-]
|
| 264 |
|
4 |
|c ©2007-
|
| 300 |
|
|
|a volumes <1> :
|b illustrations (some color) ;
|c 31 cm.
|
| 336 |
|
|
|a text
|b txt
|2 rdacontent
|
| 337 |
|
|
|a unmediated
|b n
|2 rdamedia
|
| 338 |
|
|
|a volume
|b nc
|2 rdacarrier
|
| 500 |
|
|
|a 1: at head of title: Università degli studi di Firenze, Centro di studi sulla cultura e l'immagine di Roma.
|
| 504 |
|
|
|a Includes bibliographical references.
|
| 505 |
1 |
|
|a 1. Firenze e il Granducato : province di Grosseto, Livorno, Pisa, Pistoia, Prato, Siena / a cura di Mario Bevilacqua, Giuseppina Carla Romby
|
| 650 |
|
0 |
|a Architecture
|z Italy
|z Tuscany
|v Catalogs.
|
| 650 |
|
0 |
|a Architecture, Baroque
|z Italy
|z Tuscany
|v Catalogs.
|
| 650 |
|
0 |
|a Art, Baroque
|z Italy
|z Tuscany
|v Catalogs.
|
| 650 |
|
0 |
|a Civilization, Baroque
|z Italy
|z Tuscany.
|
| 700 |
1 |
|
|a Fagiolo, Marcello,
|d 1941-
|
| 700 |
1 |
|
|a Bevilacqua, Mario,
|d 1960-
|
| 700 |
1 |
|
|a Romby, Giuseppina Carla.
|
| 948 |
|
|
|a cataloged
|b h
|c 2008/1/4
|d c
|e dmitchel
|f 10:00:00 am
|
| 994 |
|
|
|a C0
|b TXA
|
| 999 |
|
|
|a MARS
|
| 999 |
f |
f |
|s a36c7877-bf96-3dfb-b967-4a4ebe01bd35
|i 9cb090a2-3eb9-393e-9fb9-e09f1ae036b4
|t 0
|
| 952 |
f |
f |
|p ric
|a Texas A&M University
|b Rellis Campus
|c Joint Library Facility
|d Remote Storage
|t 0
|e NA1119.T8 A876 2007
|h Library of Congress classification
|i unmediated -- volume
|k 1
|m A14836626158
|
| 998 |
f |
f |
|a NA1119.T8 A876 2007
|s 1
|t 0
|l Remote Storage
|